Đọc - ghi nhạc Giáo trình cao đẳng sư phạm T.2 Đọc - ghi nhạc

Trình bày những vấn đề về củng cố và hoàn thiện các bài mang tính kĩ thuật về đọc và ghi nhạc, các bài tập nâng cao kĩ năng đọc và ghi nhạc

में बचाया:
ग्रंथसूची विवरण
मुख्य लेखक: Phạm Thanh Vân
अन्य लेखक: Nguyễn Hoàng Thông
स्वरूप: पुस्तक
भाषा:Vietnamese
प्रकाशित: H. Đại học Sư phạm 2011
संस्करण:Tái bản lần thứ nhất
विषय:
टैग : टैग जोड़ें
कोई टैग नहीं, इस रिकॉर्ड को टैग करने वाले पहले व्यक्ति बनें!
Thư viện lưu trữ: Mạng thư viện Đại học Đà Nẵng
LEADER 01818aam a22004338a 4500
001 000023191
003 19641
005 20150605080640.0
008 150604s2011 viesd
020 |c 36000đ  |d 850b 
041 |a vie 
082 1 4 |2 14  |a 781.4  |b PH-V 
084 |a W314z73  |b Đ419G 
100 1 |a Phạm Thanh Vân 
245 1 0 |a Đọc - ghi nhạc  |b Giáo trình cao đẳng sư phạm  |c Phạm Thanh Vân, Nguyễn Hoàng Thông  |n T.2  |p Đọc - ghi nhạc 
250 |a Tái bản lần thứ nhất 
260 |a H.  |b Đại học Sư phạm  |c 2011 
300 |a 199 tr.  |c 24 cm. 
500 |a Đầu bìa tên sách ghi: Bộ Giáo dục và Đào tạo. Dự án Đào tạo Giáo viên THCS 
504 |a Thư mục đầu trang 
520 |a Trình bày những vấn đề về củng cố và hoàn thiện các bài mang tính kĩ thuật về đọc và ghi nhạc, các bài tập nâng cao kĩ năng đọc và ghi nhạc 
650 0 4 |2 Bộ TK TVQG  |a Âm nhạc  |x Phương pháp học  |x Kỹ năng đọc, ghi 
650 7 |2 Bộ TK TVQG 
650 7 |2 Bộ TK TVQG 
653 |a Kĩ năng ghi nhạc 
653 |a Kĩ năng đọc nhạc 
655 7 |2 Bộ TK TVQG  |a Giáo trình 
700 1 |a Nguyễn Hoàng Thông 
773 |b Tái bản lần thứ nhất  |d Đại học Sư phạm  |d H.  |d 2011  |t Đọc - Ghi nhạc tập  |w 19639 
OWN |a LSP 
AVA |a UDN50  |b LSP  |d 781.4 PH-V  |e check_holdings  |t Error 5003 Not defined in file expand_doc_bib_avail.  |h N  |k 1 
999 |a From the UDN01 
AVA |a UDN50  |b LSP  |d 781.4 PH-V  |e available  |t Error 5001 Not defined in file expand_doc_bib_avail.  |f 20  |g 0  |h N  |i 0  |k 1 
TYP |a Monograph 
TYP |a Printed language 
980 |a Mạng thư viện Đại học Đà Nẵng